Development dialogue

Bewaard in:
Bibliografische gegevens
Formaat: Boek
Taal:Undetermined
Gepubliceerd in: Congo 1995
Onderwerpen:
Tags: Voeg label toe
Geen labels, Wees de eerste die dit record labelt!
Thư viện lưu trữ: Trung tâm Học liệu Trường Đại học Cần Thơ
LEADER 00475nam a2200157Ia 4500
001 CTU_122472
008 210402s9999 xx 000 0 und d
082 |a 338.9 
082 |b D489 
245 0 |a Development dialogue 
260 |a Congo 
260 |c 1995 
650 |a Regional planning,Regional planning,Phát triển kinh tế 
650 |x Periodicals,Periodicals,Developing countries 
904 |i Hiếu 
980 |a Trung tâm Học liệu Trường Đại học Cần Thơ